Catálogo
 En Linea

La Tragedia del Rey Christophe : (Registro nro. 42028)

Detalles MARC
000 -CABECERA
campo de control de longitud fija 01148nam a2200337 i 4500
001 - NÚMERO DE CONTROL
campo de control 000042539
003 - IDENTIFICADOR DEL NÚMERO DE CONTROL
campo de control DO-SdBNP
005 - FECHA Y HORA DE LA ÚLTIMA TRANSACCIÓN
campo de control 20250613105203.0
007 - CAMPO FIJO DE DESCRIPCIÓN FÍSICA--INFORMACIÓN GENERAL
campo de control de longitud fija ta
008 - DATOS DE LONGITUD FIJA--INFORMACIÓN GENERAL
campo de control de longitud fija 131211s1972 sp 000 0 spa d
040 ## - FUENTE DE LA CATALOGACIÓN
Centro catalogador/agencia de origen DO-SdBNP
Lengua de catalogación spa
Centro/agencia transcriptor BNPHU
Normas de descripción rda
041 17 - CÓDIGO DE LENGUA
Código de lengua del texto/banda sonora o título independiente spa
Código de lengua del sumario o resumen eng
082 #4 - NÚMERO DE LA CLASIFICACIÓN DECIMAL DEWEY
Número de clasificación xxx
Número de documento/Ítem C958t
Número de edición 22
100 1# - ENTRADA PRINCIPAL--NOMBRE DE PERSONA
Nombre de persona Césaire, Aimé,
Fechas asociadas al nombre 1913-2008.
9 (RLIN) 69767
Código de función/relación aut.
Término indicativo de función/relación autor
240 10 - TÍTULO UNIFORME
Título uniforme La tragédie du Roi Christophe
Lenguaje de la obra Español
245 13 - MENCIÓN DE TÍTULO
Título La Tragedia del Rey Christophe :
Resto del título una tempestad /
Mención de responsabilidad, etc. Aimé Césaire ; traducción de Carmen Kurtz.
264 ## - PRODUCCIÓN, PUBLICACIÓN, DISTRIBUCIÓN, FABRICACIÓN Y COPYRIGHT
Producción, publicación, distribución, fabricación y copyright Barcelona :
Nombre del de productor, editor, distribuidor, fabricante Barral Editores,
Fecha de producción, publicación, distribución, fabricación o copyright 1972.
300 ## - DESCRIPCIÓN FÍSICA
Extensión 181 páginas ;
Dimensiones 19 cm.
336 ## - TIPO DE CONTENIDO
Término de tipo de contenido texto
Código de tipo de contenido txt
Fuente rdacontent
337 ## - TIPO DE MEDIO
Nombre/término del tipo de medio sin mediación
Código del tipo de medio n
Fuente rdamedia
338 ## - TIPO DE SOPORTE
Nombre/término del tipo de soporte volumen
Código del tipo de soporte nc
Fuente rdacarrier
490 1# - MENCIÓN DE SERIE
Mención de serie Ediciones de bolsillo
Designación de volumen o secuencia 176
490 1# - MENCIÓN DE SERIE
Mención de serie Literatura
-- teatro
501 ## - NOTA DE "CON"
Nota de “Con” Encuadernado con: una tempestad
563 ## - NOTA DE ENCUADERNACIÓN
Nota de encuadernación Dos obras encuadernadas juntas con paginación continua
700 12 - PUNTO DE ACCESO ADICIONAL--NOMBRE DE PERSONA
Nombre de persona Kurtz, Carmen
Término indicativo de función/relación traductor
9 (RLIN) 69768
Código de función/relación tr.
740 32 - PUNTO DE ACCESO ADICIONAL--TÍTULO RELACIONADO O ANALÍTICO NO CONTROLADO
Título relacionado o analítico no controlado Una tempestad
830 #0 - PUNTO DE ACCESO ADICIONAL DE SERIE-TÍTULO UNIFORME
Título uniforme Literatura
Nombre de parte o sección de la obra teatro
9 (RLIN) 69769
830 #0 - PUNTO DE ACCESO ADICIONAL DE SERIE-TÍTULO UNIFORME
Título uniforme Ediciones de bolsillo
Número de parte o sección de la obra 176
9 (RLIN) 69770
942 ## - ELEMENTOS DE PUNTO DE ACCESO ADICIONAL (KOHA)
Fuente del sistema de clasificación o colocación Dewey Decimal Classification
Tipo de ítem Koha Libro
Existencias
Estado de retiro Estado de pérdida Fuente del sistema de clasificación o colocación Restricciones de uso No para préstamo Código de colección Localización permanente Ubicación/localización actual Ubicación en estantería Fecha de adquisición Total de préstamos Signatura topográfica completa Código de barras Fecha visto por última vez Precio válido a partir de Tipo de ítem Koha
    Dewey Decimal Classification Excluido de préstamo   General Biblioteca Nacional Pedro Henríquez Ureña Biblioteca Nacional Pedro Henríquez Ureña En catalogación 11.12.2013   xxx C958t 42539-10 25.06.2020 25.06.2020 Libro

Con tecnología Koha